Teorías sobre motivación del aprendizaje
Պահպանված է:
| Հիմնական հեղինակներ: | , |
|---|---|
| Ձևաչափ: | Գիրք |
| Լեզու: | իսպաներեն |
| Հրապարակվել է: |
Ciudad de México
Trillas
1972
|
| Շարք: | Biblioteca Técnica de Psicología
|
| Խորագրեր: | |
| Ցուցիչներ: |
Ավելացրեք ցուցիչ
Չկան պիտակներ, Եղեք առաջինը, ով նշում է այս գրառումը!
|
MARC
| LEADER | 00000nam a2200000 a 4500 | ||
|---|---|---|---|
| 001 | UCR9530 | ||
| 003 | CL-VaPUC | ||
| 008 | 980613e19720500MX |||||||||||||||||spa|d | ||
| 082 | 0 | 4 | |a 370.15 |b TEE |2 21 |
| 100 | 0 | |a Teevan, Richard C |e author |9 412153 | |
| 700 | 0 | |a Birney, Robert C |e author |9 412154 | |
| 245 | 1 | 0 | |a Teorías sobre motivación del aprendizaje |
| 300 | |a 242 p | ||
| 942 | |c BK | ||
| 945 | |d 19980613 00:00:00 |a cmena | ||
| 260 | |a Ciudad de México |b Trillas |c 1972 | ||
| 650 | 0 | |a Psicología educacional |9 307830 | |
| 650 | 0 | |a Motivación |9 315362 | |
| 650 | 0 | |a Psicología del desarrollo |9 307541 | |
| 650 | 0 | |a Aprendizaje |9 254827 | |
| 650 | 0 | |a Cognición |9 270347 | |
| 650 | 0 | |a Procesos mentales superiores |9 330839 | |
| 650 | 0 | |a Comportamiento |9 308406 | |
| 583 | |a last modification |c 19980613 00:00:00 |k Rodrigo Vera | ||
| 490 | 0 | |a Biblioteca Técnica de Psicología | |
| 999 | |c 270719 |d 270717 | ||
| 952 | |0 0 |1 0 |4 0 |6 370_150000000000000_TEE_1972 |7 0 |8 A |9 305112 |a BIBENE |b BIBENE |d 2019-11-20 |i 1415654 |o 370.15 TEE 1972 |p 1415654 |r 2025-01-15 |w 2019-11-20 |y BK |k ICO | ||